Rozdiely v odpisovaní majetku v SR v porovnaní s IAS

Odpisy sú peňažným vyjadrením postupného opotrebovávania hmotného a nehmotného majetku za určité obdobie. Význam odpisov. Odpisovanie majetku podľa právnej úpravy Slovenskej republiky. Odpisovanie majetku podľa Medzinárodných účtovných štandardov - IAS. IAS 16 a IAS 38.

Guardado en:
Detalles Bibliográficos
Autor principal: Mačejová, Svetlana
Formato: Capítulo de libro
Lenguaje:eslovaco
Materias:
Etiquetas: Agregar Etiqueta
Sin Etiquetas, Sea el primero en etiquetar este registro!

MARC

LEADER 00000naa$a2200000$$$4500
001 0023034
005 20240502071416.3
041 0 |a slo 
044 |a SK 
245 1 0 |a Rozdiely v odpisovaní majetku v SR v porovnaní s IAS  |c Svetlana Mačejová 
520 |a Odpisy sú peňažným vyjadrením postupného opotrebovávania hmotného a nehmotného majetku za určité obdobie. Význam odpisov. Odpisovanie majetku podľa právnej úpravy Slovenskej republiky. Odpisovanie majetku podľa Medzinárodných účtovných štandardov - IAS. IAS 16 a IAS 38. 
610 2 0 |a odpisy 
610 2 0 |a odpisy účtovné 
610 2 0 |a majetok hmotný 
610 2 0 |a majetok nehmotný 
610 2 0 |a štandardy účtovné medzinárodné 
610 2 0 |a Slovensko 
610 2 0 |a IAS 
100 1 |a Mačejová, Svetlana